MESTSKÁ KNIŽNICA GIRALTOVCE  - online katalóg 

37 sekúnd (Record no. 22967)

000 -NÁVESTIE
fixed length control field 01730cam a2200481 a 4500
001 - EVIDENČNÉ ČÍSLO ZÁZNAMU - Kontrolné číslo
control field vtls011561517
005 - DÁTUM A ČAS POSLEDNEJ TRANSAKCIE
control field 20211014111404.0
008 - ÚDAJE S PEVNOU DĹŽKOU – VŠEOBECNÉ INFORMÁCIE
fixed length control field 200104s2016 xo o g 000 jdslo
020 ## - MEDZINÁRODNÉ ŠTANDARDNÉ ČÍSLO KNIHY (ISBN)
Medzinárodné štandardné číslo knihy (ISBN) 9788022207713
Qualifying information (viaz.)
035 ## - Iný štandardný identifikátor
Iný štandardný identifikátor urn:nbn:sk:snk-am00cxwh
035 ## - Iný štandardný identifikátor
Iný štandardný identifikátor urn:nbn:sk:snk-am3hewh
035 ## - Iný štandardný identifikátor
Iný štandardný identifikátor 658B7D5C-5E7A-4868-B75F-39C4C18476CF
040 ## - ZDROJ KATALOGIZÁCIE
Pôvodná katalogizujúca agentúra ZKSE
Jazyk katalogizácie slo
Prepisujúca agentúra ZKSE
Modifikujúca agentúra POKPOH
-- SNK
Konvencie popisu AACR2
041 1# - KÓD JAZYKA
Kód jazyka textu/zvukovej stopy alebo samostatných nápisov slo
Kód jazyka originálu a/alebo sprostredkujúcich prekladov textu eng
044 ## - KÓD KRAJINY VYDAVATEĽA/PRODUCENTA
Kód krajiny MARC xo
Kód krajiny ISO SK
072 #7 - KÓD PREDMETOVEJ KATEGÓRIE
Kód predmetovej kategórie 821.111(73)-3
Pododdiel kódu predmetovej kategórie Americká próza
Zdroj konspekt
072 #7 - KÓD PREDMETOVEJ KATEGÓRIE
Kód predmetovej kategórie 133
Pododdiel kódu predmetovej kategórie Ezoterizmus. Okultizmus
Zdroj konspekt
080 ## - ČÍSLO MEDZINÁRODNÉHO DESATINNÉHO TRIEDENIA (MDT)
Číslo Medzinárodného desatinného triedenia (MDT) 821.111(73)-32
Identifikátor vydania 2011
080 ## - ČÍSLO MEDZINÁRODNÉHO DESATINNÉHO TRIEDENIA (MDT)
Číslo Medzinárodného desatinného triedenia (MDT) (0:82-322.6)
Identifikátor vydania 2011
080 ## - ČÍSLO MEDZINÁRODNÉHO DESATINNÉHO TRIEDENIA (MDT)
Číslo Medzinárodného desatinného triedenia (MDT) 616-036.884
Identifikátor vydania 2001
080 ## - ČÍSLO MEDZINÁRODNÉHO DESATINNÉHO TRIEDENIA (MDT)
Číslo Medzinárodného desatinného triedenia (MDT) 133.3
Identifikátor vydania 2011
100 1# - OSOBNÉ MENÁ – VŠEOBECNÉ INFORMÁCIE
Osobné meno Arnold, Stephanie
-- 2143
240 10 - UNIFIKOVANÝ NÁZOV
Unifikovaný názov 37 seconds
Jazyk diela Slovensky
245 10 - NÁZOV
Názov 37 sekúnd
Zvyšok názvu zomieranie odhalilo pomoc z neba
Údaj o zodpovednosti atď. Stephanie Arnoldová a Sari Padorrová; [z anglického originálu preložila Mária Kočanová ]
246 3# - INÁ FORMA NÁZVU
Hlavný názov/skrátený názov Tridsaťsedem sekúnd
250 ## - ÚDAJ O PORADÍ VYDANIA
Údaj o poradí vydania 1. vyd.
260 ## - VYDAVATEĽSKÉ ÚDAJE, DISTRIBÚCIA ATĎ.
Miesto publikovania, distribúcie atď. Bratislava
Názov vydavateľa, distibútora atď. Tatran
Dátum publikovania, distribúcie atď. 2016
300 ## - FYZICKÝ POPIS
Rozsah 183 s.
Ďalšie fyzické detaily fotogr.
Rozmery 21 cm
490 1# - EDÍCIA
Edícia LUK - Knižnica svetových bestsellerov
Zväzok/sekvenčné označenie zv. 132
650 07 - PRIDANÝ VSTUP – PREDMET – TEMATICKÉ HESLO
Tematické heslo alebo geografický názov ako vstupný prvok klinická smrť
Zdroj hesla alebo termínu SNKPH
-- 2144
650 07 - PRIDANÝ VSTUP – PREDMET – TEMATICKÉ HESLO
Tematické heslo alebo geografický názov ako vstupný prvok Clinical death
Zdroj hesla alebo termínu SNKPHeng
-- 2145
650 07 - PRIDANÝ VSTUP – PREDMET – TEMATICKÉ HESLO
Tematické heslo alebo geografický názov ako vstupný prvok mimozmyslové vnímanie
Zdroj hesla alebo termínu SNKPH
-- 2146
650 07 - PRIDANÝ VSTUP – PREDMET – TEMATICKÉ HESLO
Tematické heslo alebo geografický názov ako vstupný prvok Extrasensual perception
Zdroj hesla alebo termínu SNKPHeng
-- 2147
655 #7 - INDEXAČNÝ TERMÍN – ŽÁNER/FORMA
Údaje o žánri/forme alebo termín, ktorý je prvok fazety americké príbehy
Zdroj termínu SNKPH
-- 1906
655 #7 - INDEXAČNÝ TERMÍN – ŽÁNER/FORMA
Údaje o žánri/forme alebo termín, ktorý je prvok fazety American stories
Zdroj termínu SNKPHeng
-- 1907
655 ## - INDEXAČNÝ TERMÍN – ŽÁNER/FORMA
Údaje o žánri/forme alebo termín, ktorý je prvok fazety Autobiographical stories
Zdroj termínu SNKPHeng
-- 2148
655 #7 - INDEXAČNÝ TERMÍN – ŽÁNER/FORMA
Údaje o žánri/forme alebo termín, ktorý je prvok fazety autobiografické príbehy
Zdroj termínu SNKPH
-- 2149
700 1# - PRIDANÝ VSTUP – OSOBNÉ MENO
Osobné meno Padorr, Sari
Kód roly aut
-- 2150
700 1# - PRIDANÝ VSTUP – OSOBNÉ MENO
Osobné meno Kočanová, Mária,
Dátumy súvisiace s menom 1955-
Kód roly trl
-- 2151
958 ## - Formálny deskriptor
Formálny deskriptor LX
958 ## - Formálny deskriptor
Formálny deskriptor UP
Holdings
Stav stiahnutia (Blokovanie) (Withrawn status) Stav straty Zdroj klasifikácie pre skladovanie Stav poškodenia (Damaged status) Nie pre výpožičky (Not for loan) Spôsob nadobudnutia (Collection code) Trvalé umiestnenie Aktuálne umiestnenie Dátum nadobudnutia Náklady, bežná kúpna cena Inventárne číslo (prírastkové číslo) Celkom výpožičky Full call number Čiarový kód Dátum posledného výskytu Dátum poslednej výpôžičky Cena s účinnosťou od Typ jednotky Koha
          Kúpa Mestská knižnica Giraltovce Mestská knižnica Giraltovce 2021-10-14 3.00 21318 2 I1874 I1874 2026-04-22 2026-03-09 2021-10-14 Odborná literatúra pre dospelých

Powered by Koha